[Event "16th Delhi Open 2018"]
[Site "New Delhi IND"]
[Date "2018.01.09"]
[Round "1.1"]
[White "Varshini, V"]
[Black "Naiditsch, Arkadij"]
[Result "0-1"]
[WhiteTitle "WFM"]
[BlackTitle "GM"]
[WhiteElo "2062"]
[BlackElo "2701"]
[WhiteFideId "5091241"]
[BlackFideId "4650891"]
[EventDate "2018.01.09"]

1. e4 c5 2. Nf3 Nc6 3. d4 cxd4 4. Nxd4 Qb6 5. Nb3 Nf6 6. Nc3 e6 7. Be3 Qc7 8. a3
a6 9. Be2 b5 10. O-O Ne5 11. f4 Nc4 12. Bxc4 bxc4 13. Nd2 Bb7 14. Qe2 Rc8 15. e5
Nd5 16. Nxd5 Bxd5 17. c3 Rb8 18. Nf3 Qb7 19. Rf2 Bxf3 20. Qxf3 Qxf3 21. gxf3 d5
22. exd6 Bxd6 23. Rd1 Be7 24. Rd4 Bc5 25. Re4 Bxe3 26. Rxe3 Ke7 27. Re4 Rhc8 28.
f5 Rb6 29. Rd2 Rc5 30. fxe6 Rxe6 31. Kf2 Rxe4 32. fxe4 g5 33. Ke3 h5 34. Kd4 Rc8
35. Rf2 Ke6 36. e5 Rd8+ 37. Kxc4 g4 38. Rf6+ Kxe5 39. Rxf7 Rd2 40. h3 g3 41. Rh7
g2 42. Rxh5+ Kf6 43. Rh6+ Kg7 44. Rh4 g1=Q 0-1

[Event "16th Delhi Open 2018"]
[Site "New Delhi IND"]
[Date "2018.01.09"]
[Round "1.2"]
[White "Amonatov, Farrukh"]
[Black "Balkishan, A."]
[Result "1-0"]
[WhiteTitle "GM"]
[WhiteElo "2636"]
[BlackElo "2061"]
[WhiteFideId "14700077"]
[BlackFideId "5029520"]
[EventDate "2018.01.09"]

1. e4 c5 2. Nf3 d6 3. d4 cxd4 4. Nxd4 Nf6 5. Nc3 a6 6. h3 g6 7. g4 Bg7 8. Be3
Nc6 9. Qd2 O-O 10. O-O-O Bd7 11. g5 Nh5 12. Nb3 b5 13. Be2 Ne5 14. Bxh5 Nc4 15.
Qd3 Nxe3 16. Qxe3 gxh5 17. Nd5 Be6 18. Nd4 Bxd4 19. Rxd4 Rc8 20. Kb1 Rc5 21. f4
Bxd5 22. exd5 Qc8 23. Qd3 Qb7 24. Re1 Rfc8 25. c3 Rc4 26. f5 Rxd4 27. Qxd4 Rc4
28. Qd3 Rf4 29. f6 e5 30. dxe6 fxe6 31. Qxd6 Re4 32. f7+ Qxf7 33. Qd8+ 1-0

[Event "16th Delhi Open 2018"]
[Site "New Delhi IND"]
[Date "2018.01.09"]
[Round "1.3"]
[White "Likhit, Chilukuri"]
[Black "Gupta, Abhijeet"]
[Result "0-1"]
[BlackTitle "GM"]
[WhiteElo "2057"]
[BlackElo "2610"]
[WhiteFideId "35005456"]
[BlackFideId "5010608"]
[EventDate "2018.01.09"]

1. e4 c5 2. Ne2 Nc6 3. g3 d5 4. Bg2 dxe4 5. O-O Nf6 6. Nbc3 Bf5 7. f3 exf3 8.
Bxf3 e6 9. d3 Be7 10. Nf4 h5 11. Nxh5 Qd4+ 12. Kh1 Nxh5 13. Bxh5 O-O-O 14. Qe2
g6 15. Bf3 g5 16. Be3 Qd7 17. Be4 Nd4 18. Bxd4 cxd4 19. Nb1 Bd6 20. Kg1 Bxe4 21.
Qxe4 f5 22. Qe2 f4 23. Qg4 fxg3 24. hxg3 Qh7 0-1

[Event "16th Delhi Open 2018"]
[Site "New Delhi IND"]
[Date "2018.01.09"]
[Round "1.4"]
[White "Gareyev, Timur"]
[Black "Harshal, Shahi"]
[Result "1-0"]
[WhiteTitle "GM"]
[BlackTitle "FM"]
[WhiteElo "2605"]
[BlackElo "2056"]
[WhiteFideId "14200937"]
[BlackFideId "5048257"]
[EventDate "2018.01.09"]

1. e4 c5 2. b4 e6 3. bxc5 Bxc5 4. d4 Be7 5. Nf3 d6 6. Bd3 Nd7 7. O-O Qc7 8. a4
Ngf6 9. Ba3 e5 10. Qd2 O-O 11. Nc3 a6 12. Rfe1 exd4 13. Nxd4 Ne5 14. f4 Qb6 15.
Ne2 Nxd3 16. cxd3 Re8 17. a5 Qa7 18. h3 Bd7 19. Rab1 Rab8 20. Rb6 Bd8 21. Rb2
Bc7 22. Rc1 b6 23. Rbc2 Rbc8 24. Nc6 Bxc6 25. Rxc6 bxa5+ 26. Kh2 Red8 27. Bxd6
Ne8 28. e5 Qb7 29. Qc2 Rd7 30. Ng3 a4 31. Qxa4 1-0

[Event "16th Delhi Open 2018"]
[Site "New Delhi IND"]
[Date "2018.01.09"]
[Round "1.5"]
[White "Hamal, Manish"]
[Black "Rozum, Ivan"]
[Result "0-1"]
[WhiteTitle "FM"]
[BlackTitle "GM"]
[WhiteElo "2054"]
[BlackElo "2595"]
[WhiteFideId "12300110"]
[BlackFideId "24104272"]
[EventDate "2018.01.09"]

1. d4 Nf6 2. Nf3 b6 3. g3 Bb7 4. Bg2 g6 5. O-O c5 6. dxc5 bxc5 7. c4 Bg7 8. Nc3
d6 9. Re1 Nc6 10. Bg5 h6 11. Bf4 O-O 12. h4 Rb8 13. Qd2 Kh7 14. Rad1 Nd4 15. e4
e5 16. Be3 Bxe4 17. Nxd4 Bxg2 18. Ne6 fxe6 19. Kxg2 Rb6 20. Kg1 Rc6 21. Qc2 Qe7
22. Rd2 Rfc8 23. Red1 Bf8 24. Ne4 Nxe4 25. Qxe4 h5 26. Kg2 Qb7 27. Bxc5 d5 28.
Bxf8 dxe4 29. Rd7+ Qxd7 30. Rxd7+ Kg8 31. Bd6 Rxc4 32. Bxe5 R8c5 33. Bc3 Rc7 34.
Rd6 Kf7 35. Ra6 R4c5 36. Kf1 e3 37. f3 g5 38. Ke2 gxh4 39. gxh4 Rc4 40. Be5 Rd7
41. Kxe3 Rxh4 42. a4 Rh1 43. Kf2 Rhd1 44. Kg3 Rg1+ 45. Kh2 Rg5 46. Bc3 Rf5 47.
Kg3 Rd3 48. Rxa7+ Kg6 49. Rg7+ Kh6 50. Re7 Rdxf3+ 51. Kg2 Rf2+ 52. Kg1 Rf1+ 53.
Kg2 R5f2+ 54. Kg3 Rf3+ 55. Kg2 R1f2+ 56. Kg1 Re2 57. a5 h4 58. Re8 h3 59. Rh8+
Kg6 60. a6 0-1

[Event "16th Delhi Open 2018"]
[Site "New Delhi IND"]
[Date "2018.01.09"]
[Round "1.6"]
[White "Sengupta, Deep"]
[Black "Khaire, Ketan R."]
[Result "1-0"]
[WhiteTitle "GM"]
[WhiteElo "2586"]
[BlackElo "2049"]
[WhiteFideId "5008352"]
[BlackFideId "5004829"]
[EventDate "2018.01.09"]

1. e4 e6 2. d4 d5 3. Nc3 dxe4 4. Nxe4 Bd7 5. Nf3 Bc6 6. Bd3 Nd7 7. O-O Ngf6 8.
Ned2 Bxf3 9. Nxf3 c6 10. b3 Be7 11. Bb2 O-O 12. c4 Re8 13. Qe2 Nf8 14. Rad1 Qa5
15. a3 Rad8 16. Ne5 Ng6 17. g3 Nxe5 18. dxe5 Nd7 19. h4 Qb6 20. b4 a5 21. c5 Qc7
22. h5 Nf8 23. Rc1 axb4 24. axb4 Ra8 25. Rc4 b6 26. cxb6 Qxb6 27. Bd4 Qb5 28.
Be4 Rac8 29. Qc2 Red8 30. Rb1 Rxd4 31. Rxd4 Qxe5 32. Rc4 c5 33. b5 Qxh5 34. b6
f5 35. b7 Rb8 36. Bc6 Qf7 37. Qd2 Bd8 38. Rxc5 Bc7 39. Bg2 Qe7 40. Rbc1 Bb6 41.
Rc8 1-0

[Event "16th Delhi Open 2018"]
[Site "New Delhi IND"]
[Date "2018.01.09"]
[Round "1.7"]
[White "Saptorshi, Gupta"]
[Black "Tiviakov, Sergei"]
[Result "0-1"]
[BlackTitle "GM"]
[WhiteElo "2047"]
[BlackElo "2584"]
[WhiteFideId "5094429"]
[BlackFideId "1008013"]
[EventDate "2018.01.09"]

1. e4 d5 2. exd5 Qxd5 3. Nc3 Qd6 4. d4 c6 5. Nf3 Bg4 6. Be2 Nf6 7. Ne5 Bxe2 8.
Nxe2 Nbd7 9. Bf4 Qd5 10. O-O Nxe5 11. dxe5 Nd7 12. Qe1 e6 13. Rd1 Qxa2 14. Qc3
Nb6 15. b3 Qa6 16. Qd2 Be7 17. c4 Qa3 18. Be3 O-O 19. Qc2 Qa5 20. Qb2 Rfd8 21.
Bd4 Nd7 22. Ng3 b5 23. Qe2 Qb4 24. Qe4 Nc5 25. Bxc5 Qxc5 26. Rc1 a5 27. cxb5
Qxb5 28. Qxc6 Qxb3 29. Ne4 Qd5 30. Qc7 Qxe4 31. Qxe7 Qxe5 32. Rc7 Qf5 33. Rc5
Rd5 34. Qb7 Rf8 35. Rc8 g6 36. h3 Rxc8 37. Qxc8+ Kg7 38. Ra1 Qf6 39. Qc1 Rd2 40.
Qe1 Re2 41. Qf1 Rxf2 0-1

[Event "16th Delhi Open 2018"]
[Site "New Delhi IND"]
[Date "2018.01.09"]
[Round "1.8"]
[White "Karthikeyan, Murali"]
[Black "Bhattacharya, Niladri Shekhar"]
[Result "1-0"]
[WhiteTitle "GM"]
[WhiteElo "2580"]
[BlackElo "2038"]
[WhiteFideId "5074452"]
[BlackFideId "5008581"]
[EventDate "2018.01.09"]

1. e4 c6 2. Nf3 g6 3. d4 Bg7 4. h3 d6 5. Nc3 b6 6. a4 Ba6 7. Bxa6 Nxa6 8. O-O
Nf6 9. Qe2 Nc7 10. e5 dxe5 11. dxe5 Nfd5 12. Ne4 O-O 13. Rd1 Qc8 14. c4 Nb4 15.
Bd2 a5 16. c5 bxc5 17. Nxc5 Rd8 18. Bxb4 axb4 19. Rxd8+ Qxd8 20. Qc4 Nd5 21. b3
e6 22. Rc1 Bf8 23. Nb7 Qb8 24. Nc5 Bxc5 25. Qxc5 Ra6 26. Rc4 Kg7 27. Rh4 Kg8 28.
Qc1 Qf8 29. Ng5 h6 30. Ne4 Qg7 31. Nc5 Ra7 32. Nd3 g5 33. Rc4 Rd7 34. Rxc6 Nc3
35. Qe3 Qg6 36. Rd6 Nd5 37. Qd2 Rc7 38. Nxb4 Qb1+ 39. Kh2 Nf4 40. Nd3 Rc2 41.
Rd8+ Kg7 42. Qb4 Ng6 43. Qb7 Rd2 44. Qf3 Nf4 45. Nxf4 Rxd8 46. Nxe6+ fxe6 47.
Qf6+ Kh7 48. Qe7+ Kg6 49. Qxe6+ Kh7 50. Qe7+ Kg6 51. Qxd8 Qxb3 52. Qf6+ Kh7 53.
e6 Qb8+ 54. g3 1-0

[Event "16th Delhi Open 2018"]
[Site "New Delhi IND"]
[Date "2018.01.09"]
[Round "1.9"]
[White "Kant, Rupesh"]
[Black "Solodovnichenko, Yuri"]
[Result "0-1"]
[BlackTitle "GM"]
[WhiteElo "2037"]
[BlackElo "2571"]
[WhiteFideId "5005485"]
[BlackFideId "14104369"]
[EventDate "2018.01.09"]

1. f4 Nf6 2. Nf3 c5 3. b3 g6 4. Bb2 Bg7 5. e3 O-O 6. Be2 d5 7. O-O d4 8. exd4
Nd5 9. Bc4 Nb6 10. Na3 Nc6 11. Ne5 Nxd4 12. Nb5 Nxc4 13. bxc4 Ne6 14. d4 cxd4
15. g3 a6 16. Nxd4 Qb6 17. Rb1 Rd8 18. c3 Qc5 19. Qe2 b5 20. Qf2 Bxe5 21. fxe5
Ng5 22. Qe3 f6 23. Rbe1 Nh3+ 24. Kg2 bxc4 25. exf6 Bb7+ 26. Nf3 Qxe3 27. Rxe3
Ng5 28. fxe7 Rd2+ 29. Rf2 Bxf3+ 30. Rxf3 Nxf3 31. Kxf3 Rxf2+ 32. Kxf2 Kf7 33.
Ba3 Rb8 34. Ke3 Rb5 35. Kd4 Ra5 36. Bd6 Rxa2 37. Kxc4 Rxh2 38. Kd3 Rh1 39. Kd2
a5 40. c4 a4 41. Kc3 Rb1 42. Kc2 Rb7 43. c5 h5 44. Kc3 g5 45. c6 Rxe7 46. c7 Re8
47. Kb4 Ke6 48. Bc5 0-1

[Event "16th Delhi Open 2018"]
[Site "New Delhi IND"]
[Date "2018.01.09"]
[Round "1.10"]
[White "Tukhaev, Adam"]
[Black "Soham, Datar"]
[Result "1/2-1/2"]
[WhiteTitle "GM"]
[WhiteElo "2570"]
[BlackElo "2032"]
[WhiteFideId "14109476"]
[BlackFideId "5097169"]
[EventDate "2018.01.09"]

1. e4 c5 2. Nf3 d6 3. d4 cxd4 4. Nxd4 Nf6 5. Nc3 a6 6. Be3 e6 7. Qf3 Qc7 8. Qg3
h5 9. f3 Nbd7 10. O-O-O h4 11. Qe1 Be7 12. Bg5 b5 13. Bxh4 Bb7 14. a3 Rc8 15.
Bg3 Ne5 16. Kb1 Nc4 17. Bxc4 Qxc4 18. Nb3 Qc7 19. Qd2 e5 20. Bf2 O-O 21. Qe3 d5
22. Nxd5 Nxd5 23. exd5 Qxc2+ 24. Ka2 Rfd8 25. Rd2 Qg6 26. Qxe5 Bg5 27. Be3 Bxe3
28. Qxe3 Bxd5 29. Ka1 Bxb3 30. Rxd8+ Rxd8 31. Qxb3 Qxg2 32. Rd1 Rxd1+ 33. Qxd1
Qxh2 34. Qd5 Qh6 35. Qa8+ Kh7 36. Qe4+ Qg6 37. Qh4+ Qh6 38. Qe4+ Qg6 39. Qh4+
Qh6 40. Qe4+ 1/2-1/2

[Event "16th Delhi Open 2018"]
[Site "New Delhi IND"]
[Date "2018.01.09"]
[Round "1.11"]
[White "Tarun, Kanyamarala"]
[Black "Ghosh, Diptayan"]
[Result "0-1"]
[BlackTitle "GM"]
[WhiteElo "2031"]
[BlackElo "2556"]
[WhiteFideId "45004714"]
[BlackFideId "5045207"]
[EventDate "2018.01.09"]

1. c4 e5 2. Nc3 Nf6 3. Nf3 Nc6 4. d4 exd4 5. Nxd4 Bb4 6. Bg5 h6 7. Bh4 O-O 8. e3
Bxc3+ 9. bxc3 Ne5 10. Bd3 d6 11. O-O Qe7 12. Rb1 a6 13. Re1 Nxd3 14. Qxd3 Qe4
15. Qxe4 Nxe4 16. Nb3 Nxc3 17. Rb2 Be6 18. Rc2 Na4 19. Bg3 Rfe8 20. e4 f6 21. f3
Re7 22. Bf2 Kf7 23. Na5 b6 24. Nc6 Ree8 25. Rb1 f5 26. Rd1 fxe4 27. fxe4 Bd7 28.
Nb4 Rxe4 29. Nd5 Rc8 30. Rd4 Nc5 31. Rc3 Na4 32. Rc2 Nc5 33. Rc3 Re6 34. Rf4+
Kg8 35. Re3 Rxe3 36. Bxe3 Re8 37. Bxc5 dxc5 38. Kf2 Bc6 39. Nxc7 Re7 40. Nxa6
Ra7 41. Nb8 Be8 42. Re4 Kf7 43. Rf4+ Kg8 44. Re4 Kf7 45. Rf4+ Ke7 46. Re4+ Kd8
47. Re6 Rxa2+ 48. Ke3 Ra8 49. Rxb6 Kc7 50. Re6 Rxb8 51. Re7+ Kd6 52. Rxg7 Rb3+
53. Kd2 h5 54. h4 Rb2+ 55. Ke3 Rc2 56. Kd3 Rc1 57. Rg5 Bf7 58. g4 Rxc4 59. Rg7
Be6 60. gxh5 Rxh4 61. Rg5 Bf7 62. Rf5 Bxh5 63. Rf6+ Ke5 64. Rf8 Bg6+ 65. Kc3 Bf5
66. Re8+ Be6 0-1

[Event "16th Delhi Open 2018"]
[Site "New Delhi IND"]
[Date "2018.01.09"]
[Round "1.12"]
[White "David, Alberto"]
[Black "Arpan, Das"]
[Result "1-0"]
[WhiteTitle "GM"]
[WhiteElo "2553"]
[BlackElo "2031"]
[WhiteFideId "4000013"]
[BlackFideId "25077155"]
[EventDate "2018.01.09"]

1. e4 c6 2. Nc3 d5 3. Nf3 Nf6 4. e5 Ne4 5. Be2 e6 6. O-O Be7 7. Re1 O-O 8. Bf1
Nxc3 9. dxc3 Nd7 10. c4 dxc4 11. Bxc4 Nc5 12. Nd4 a5 13. c3 Qc7 14. Qg4 Kh8 15.
Bf4 b6 16. Re3 b5 17. Bf1 Rd8 18. Rae1 Ba6 19. Rh3 g6 20. Bg5 Bxg5 21. Qxg5 Rg8
22. Nf3 Rg7 23. Rd1 Rc8 24. Qh6 Rd8 25. Ng5 Rxd1 26. Nxh7 Kg8 27. Nf6+ Kf8 28.
Qh8+ 1-0

[Event "16th Delhi Open 2018"]
[Site "New Delhi IND"]
[Date "2018.01.09"]
[Round "1.13"]
[White "Aaryan, Varshney"]
[Black "Sivuk, Vitaly"]
[Result "0-1"]
[BlackTitle "GM"]
[WhiteElo "2026"]
[BlackElo "2550"]
[WhiteFideId "45048975"]
[BlackFideId "14116502"]
[EventDate "2018.01.09"]

1. d4 Nf6 2. Nf3 g6 3. Bf4 Bg7 4. e3 O-O 5. Be2 c5 6. c3 d6 7. dxc5 dxc5 8. Qxd8
Rxd8 9. Nbd2 Nc6 10. h3 Bf5 11. Bh2 Rac8 12. O-O Bd3 13. Bxd3 Rxd3 14. Rfd1 b5
15. Nb3 Rxd1+ 16. Rxd1 Ne4 17. a3 a5 18. Kf1 b4 19. axb4 axb4 20. cxb4 Nxb4 21.
Be5 c4 22. Nbd2 Nxf2 23. Kxf2 Nd3+ 24. Ke2 Nxe5 25. Nxe5 Bxe5 26. Rc1 Bxb2 27.
Rxc4 Rb8 28. Rc7 Kf8 29. Kf3 Be5 30. Ra7 h5 31. g4 h4 32. g5 Rb5 33. Ra4 Bc7 34.
Kg4 Rb2 35. Ne4 Rb3 36. Kxh4 Rxe3 37. Kg4 Kg7 38. Rc4 Be5 39. Nf2 f5+ 40. gxf6+
exf6 41. Rc8 f5+ 42. Kg5 Rg3+ 43. Kh4 Rf3 44. Ng4 fxg4 45. Kxg4 Rf4+ 46. Kg5 Ra4
47. Rc6 Bf6+ 48. Rxf6 Ra5+ 49. Kg4 Kxf6 0-1

[Event "16th Delhi Open 2018"]
[Site "New Delhi IND"]
[Date "2018.01.09"]
[Round "1.14"]
[White "Tran, Tuan Minh"]
[Black "Pruthu, Deshpande"]
[Result "1-0"]
[WhiteTitle "GM"]
[WhiteElo "2548"]
[BlackElo "2026"]
[WhiteFideId "12401820"]
[BlackFideId "25015095"]
[EventDate "2018.01.09"]

1. d4 d5 2. c4 c6 3. Nf3 Nf6 4. e3 Bf5 5. Nc3 a6 6. a4 e6 7. Nh4 Be4 8. f3 Bg6
9. Qb3 Ra7 10. g3 a5 11. Bd2 Be7 12. Nxg6 hxg6 13. Bg2 O-O 14. Rd1 Na6 15. O-O
Nb4 16. Kh1 1-0

[Event "16th Delhi Open 2018"]
[Site "New Delhi IND"]
[Date "2018.01.09"]
[Round "1.15"]
[White "Barath, Kalyan M"]
[Black "Lalith, Babu M R"]
[Result "0-1"]
[BlackTitle "GM"]
[WhiteElo "2022"]
[BlackElo "2542"]
[WhiteFideId "25016555"]
[BlackFideId "5024595"]
[EventDate "2018.01.09"]

1. Nf3 d5 2. g3 Nf6 3. Bg2 e6 4. O-O Be7 5. d4 O-O 6. c4 c6 7. Nc3 b6 8. Ne5 Ba6
9. Qa4 Bb7 10. Rd1 a6 11. Bf4 b5 12. Qb3 Nbd7 13. e4 dxc4 14. Nxc4 Nh5 15. Be3
Nhf6 16. Bf4 Nh5 17. Be3 Qc7 18. Ne5 Nxe5 19. dxe5 g6 20. f4 c5 21. Qc2 Rac8 22.
Qb3 Ra8 23. Qc2 Rac8 24. Qf2 f6 25. g4 Ng7 26. exf6 Bxf6 27. Qg3 Bd4 28. Bxd4
cxd4 29. Ne2 Qc2 30. Nxd4 Qxb2 31. g5 Nh5 32. Qg4 Nxf4 33. Nxe6 Nd3 34. Nd4 Nf4
35. Ne6 Nd3 36. Qh4 Rce8 37. Qg4 Rc8 38. Qh4 Rce8 39. Rab1 Qc2 40. Nxf8 Qc5+ 41.
Kh1 Qc2 42. Kg1 Qc5+ 43. Kh1 Nf2+ 44. Qxf2 Qxf2 45. Nxh7 Kxh7 46. Rd7+ Kh8 47.
Rxb7 Qxa2 48. Rf1 Qd2 49. Rff7 Qe1+ 50. Rf1 Qc3 51. h3 b4 52. Rf6 Rd8 53. Re7 b3
54. e5 0-1

[Event "16th Delhi Open 2018"]
[Site "New Delhi IND"]
[Date "2018.01.09"]
[Round "1.18"]
[White "Pruijssers, Roeland"]
[Black "Satkar, Chirag"]
[Result "1-0"]
[WhiteTitle "GM"]
[WhiteElo "2536"]
[BlackElo "2014"]
[WhiteFideId "1013068"]
[BlackFideId "25010522"]
[EventDate "2018.01.09"]

1. e4 e5 2. Nf3 Nc6 3. Bc4 Nf6 4. d3 Bc5 5. O-O d6 6. c3 O-O 7. Bb3 a6 8. h3 Ba7
9. Re1 Be6 10. Nbd2 Re8 11. Nf1 h6 12. Ng3 d5 13. exd5 Bxd5 14. Bc2 Qd7 15. b4
b5 16. a4 Rad8 17. axb5 axb5 18. Be3 Bxe3 19. Rxe3 Bxf3 20. Rxf3 e4 21. Rxf6
exd3 22. Bb3 gxf6 23. Qh5 Re5 24. Qg6+ Kf8 25. Qxh6+ Ke7 26. f4 Re3 27. Qh5 Rxg3 1-0

[Event "16th Delhi Open 2018"]
[Site "New Delhi IND"]
[Date "2018.01.09"]
[Round "1.20"]
[White "Nguyen, Duc Hoa"]
[Black "Manish Anto, Cristiano F"]
[Result "1-0"]
[WhiteTitle "GM"]
[WhiteElo "2490"]
[BlackElo "2012"]
[WhiteFideId "12401358"]
[BlackFideId "25095927"]
[EventDate "2018.01.09"]

1. e4 c5 2. Nf3 d6 3. d4 cxd4 4. Nxd4 Nf6 5. Nc3 a6 6. Bg5 e6 7. f4 Be7 8. Qf3
Qc7 9. O-O-O Nbd7 10. g4 b5 11. Bxf6 Nxf6 12. g5 Nd7 13. f5 Bxg5+ 14. Kb1 Ne5
15. Qh5 Qd8 16. h4 Bf6 17. fxe6 O-O 18. Bh3 fxe6 19. Bxe6+ Kh8 20. Nd5 g6 21.
Qe2 Nf3 22. Nc6 Qe8 23. Bxc8 Rxc8 24. Na7 Ra8 25. Qxf3 Bg7 26. Qe3 Qd7 27. h5
gxh5 28. Nc6 Qxc6 29. Rxh5 Qe8 30. Qh3 Qxe4 31. Rh1 Kg8 32. Rxh7 Ra7 33. Rxg7+
Rxg7 34. Qh8+ Kf7 35. Rf1+ Ke6 36. Qxf8 1-0

[Event "16th Delhi Open 2018"]
[Site "New Delhi IND"]
[Date "2018.01.10"]
[Round "2.1"]
[White "Naiditsch, Arkadij"]
[Black "Kandil, Adham"]
[Result "1-0"]
[WhiteTitle "GM"]
[BlackTitle "IM"]
[WhiteElo "2701"]
[BlackElo "2294"]
[WhiteFideId "4650891"]
[BlackFideId "10618490"]
[EventDate "2018.01.09"]

1. e4 c5 2. Nf3 d6 3. d4 cxd4 4. Nxd4 Nf6 5. Nc3 a6 6. Be3 e5 7. Nf3 Qc7 8. a4
h6 9. a5 Be6 10. Nd5 Nxd5 11. exd5 Bg4 12. c4 Nd7 13. Qa4 Be7 14. c5 Bxf3 15.
gxf3 dxc5 16. Rg1 Kf8 17. d6 Bxd6 18. O-O-O Rd8 19. Qc2 Be7 20. Bc4 Nf6 21. Ba2
Rxd1+ 22. Rxd1 c4 23. Bb6 Qc6 24. Qxc4 Qxc4+ 25. Bxc4 g6 26. Bc7 Kg7 27. Bxe5
Rc8 28. b3 Kf8 29. Bf4 Kg7 30. Kb2 Rc5 31. Re1 Nd5 32. Bd2 Bf6+ 33. Kb1 Nc7 34.
Bb4 Rf5 35. Rd1 Nb5 36. Rd7 Be5 37. Bxb5 axb5 38. Rxb7 Rxf3 39. Rxb5 Bd4 40. Be1
h5 41. a6 Rf6 42. Rd5 Bxf2 43. Bc3 1-0

[Event "16th Delhi Open 2018"]
[Site "New Delhi IND"]
[Date "2018.01.10"]
[Round "2.2"]
[White "Muthaiah, AL"]
[Black "Amonatov, Farrukh"]
[Result "1/2-1/2"]
[BlackTitle "GM"]
[WhiteElo "2291"]
[BlackElo "2636"]
[WhiteFideId "5092442"]
[BlackFideId "14700077"]
[EventDate "2018.01.09"]

1. Nf3 Nf6 2. g3 g6 3. b3 Bg7 4. Bb2 c5 5. c4 Nc6 6. Bg2 d6 7. O-O O-O 8. d4
cxd4 9. Nxd4 Bd7 10. Nc3 a6 11. Rc1 Rc8 12. Nc2 Qa5 13. Ne3 b5 14. a3 b4 15.
axb4 Nxb4 16. Ra1 Qb6 17. Na4 Qb8 18. Bc3 Rfd8 19. Nb2 Ng4 20. Bxg7 Nxe3 21.
fxe3 Kxg7 22. Nd3 Nxd3 23. exd3 Qb6 24. Qd2 Bc6 25. Qc3+ Kg8 26. d4 Bxg2 27.
Kxg2 Rb8 28. Rfb1 e5 29. Qa5 Qb7+ 30. d5 Ra8 31. e4 f5 32. exf5 gxf5 33. Qd2 Qg7
34. Rf1 Rf8 35. Rae1 a5 36. c5 a4 37. bxa4 Rxa4 38. cxd6 Rd4 39. Qe2 e4 40. Rd1
Rb4 41. Rb1 Rd4 42. Rbd1 Rb4 43. Rb1 Rd4 44. Rbd1 1/2-1/2

[Event "16th Delhi Open 2018"]
[Site "New Delhi IND"]
[Date "2018.01.10"]
[Round "2.3"]
[White "Gupta, Abhijeet"]
[Black "Gajwa, Ankit"]
[Result "1-0"]
[WhiteTitle "GM"]
[BlackTitle "FM"]
[WhiteElo "2610"]
[BlackElo "2284"]
[WhiteFideId "5010608"]
[BlackFideId "5077834"]
[EventDate "2018.01.09"]

1. d4 Nf6 2. c4 g6 3. Nc3 Bg7 4. e4 d6 5. Nf3 O-O 6. h3 e5 7. d5 Nh5 8. g3 f5 9.
exf5 gxf5 10. Bg5 Qe8 11. Be2 Na6 12. Nh4 Nf6 13. Qc2 f4 14. gxf4 exf4 15. O-O-O
Nb4 16. Qb3 a5 17. a3 Nd7 18. axb4 axb4 19. Qxb4 Bxc3 20. Qxc3 Qxe2 21. Kb1 Qe4+
22. Qd3 Qxd3+ 23. Rxd3 Ne5 24. Rdd1 Bf5+ 25. Nxf5 Rxf5 26. Bh6 Ng6 27. Rhg1 Re8
28. h4 Re4 29. Bg5 Rxc4 30. b3 Re4 31. Rc1 Rf7 32. Bd8 Kf8 33. Bxc7 Ke7 34. h5
Ne5 35. Rg8 Kf6 36. Bd8+ 1-0

[Event "16th Delhi Open 2018"]
[Site "New Delhi IND"]
[Date "2018.01.10"]
[Round "2.5"]
[White "Rozum, Ivan"]
[Black "Ajay Krishna, S"]
[Result "1-0"]
[WhiteTitle "GM"]
[WhiteElo "2595"]
[BlackElo "2280"]
[WhiteFideId "24104272"]
[BlackFideId "5096430"]
[EventDate "2018.01.09"]

1. Nf3 d5 2. e3 Nf6 3. c4 e6 4. Nc3 b6 5. d4 Bb7 6. cxd5 exd5 7. g3 Bd6 8. Bg2
O-O 9. O-O Nbd7 10. b3 a6 11. Bb2 Qe7 12. Rc1 Ne4 13. Ne1 Ndf6 14. Ne2 a5 15. a4
Ba6 16. Nd3 b5 17. Ne5 bxa4 18. bxa4 c5 19. Nc6 Qb7 20. dxc5 Qxb2 21. Rc2 Qb3
22. Ncd4 Qxa4 23. cxd6 Nxd6 24. Rc6 Qxd1 25. Rxd1 Rfd8 26. Ra1 Bc4 27. Nc3 h6
28. Rc5 Nfe4 29. Nxe4 dxe4 30. Nc6 Re8 31. Rd1 Bd3 32. Ne5 Ra6 33. Nxd3 exd3 34.
Rxd3 a4 35. Rc6 Rxc6 36. Bxc6 Re6 37. Bxa4 Ne4 38. Bb3 Re7 39. Rd8+ Kh7 40. Rf8
Nd6 41. Kg2 g5 42. Rd8 Ne4 43. Rd4 Kg7 44. Bc2 Nf6 45. Bf5 Re5 46. e4 Ra5 47.
Rb4 Ne8 48. Bd7 Nf6 49. Ba4 Re5 50. Bc2 g4 51. h3 h5 52. Bd3 Re7 53. Rd4 Nd7 54.
Bc2 Ne5 55. Rd5 f6 56. Ba4 Ng6 57. Rd7 Rxd7 58. Bxd7 Ne5 59. Be8 Kh6 60. h4 Nf3
61. Bb5 Nd2 62. Bd3 Nf3 63. Kf1 Kg7 64. Ke2 Ne5 65. Bb5 Kf7 66. Ke3 Ng6 67. Bc4+
Kg7 68. Be2 Ne5 69. Kf4 Kf7 70. Kf5 Kg7 71. Ke6 Nc6 72. Bd3 Nd4+ 73. Kd5 Nf3 74.
Be2 Ne5 75. Kd4 Kf7 76. Ke3 Kg7 77. Kf4 Ng6+ 78. Kf5 Ne7+ 79. Ke6 Nc6 80. Bd1
Ne5 81. Kf5 Nc4 82. Bb3 Nd6+ 83. Kf4 Kg6 84. Bd5 Ne8 85. Bc6 Nd6 86. Bd7 Kh6 87.
Ke3 Kg7 88. Kd4 Kf8 89. Kd5 Nf7 90. Ke6 Ne5 91. Bb5 Kg7 92. Be8 Nd3 93. Bxh5
Nxf2 94. Kf5 Kh6 95. Bxg4 Kg7 96. Be2 Nh1 97. Kf4 Kg6 98. Kf3 f5 99. exf5+ Kxf5
100. g4+ Ke5 101. Kg2 Kd5 1-0

[Event "16th Delhi Open 2018"]
[Site "New Delhi IND"]
[Date "2018.01.10"]
[Round "2.6"]
[White "Rathanvel, V S"]
[Black "Sengupta, Deep"]
[Result "0-1"]
[WhiteTitle "FM"]
[BlackTitle "GM"]
[WhiteElo "2284"]
[BlackElo "2586"]
[WhiteFideId "25002112"]
[BlackFideId "5008352"]
[EventDate "2018.01.09"]

1. e4 e6 2. d4 d5 3. Nc3 Nf6 4. e5 Nfd7 5. f4 c5 6. Nf3 Nc6 7. Be3 a6 8. Qd2 Be7
9. dxc5 Nxc5 10. O-O-O b5 11. Qf2 Nd7 12. Qg3 g6 13. h4 h5 14. Bd3 Qa5 15. Kb1
b4 16. Ne2 Nc5 17. Ned4 Nxd4 18. Nxd4 Bd7 19. Nb3 Nxb3 20. cxb3 Bb5 21. Bxg6 Rg8
22. Qf2 Rxg6 23. Bb6 Rxg2 24. Qd4 Bd3+ 25. Rxd3 Qb5 26. Rdd1 Rb8 27. Ba7 Rc8 28.
Rc1 Rxc1+ 29. Rxc1 Bxh4 30. Bc5 a5 31. a4 Qe2 32. Bb6 Bf2 33. Rc8+ Ke7 34. f5
Qf1+ 35. Ka2 Bxd4 36. f6+ Qxf6 37. exf6+ Bxf6 38. Kb1 h4 39. Bc5+ Kd7 40. Rf8 h3
41. Rxf7+ Kc6 42. Rxf6 Kxc5 43. Rxe6 h2 44. Rh6 Kd4 45. Rh3 Ke4 46. Ka2 d4 47.
Rh8 Ke3 48. Rh7 Kf2 49. Rh3 Kg1 50. Rd3 h1=Q 51. Rd1+ Kh2 52. Rd2 Qa1+ 0-1